La esfinge roja : Memorial de un aprendiz diplomático en la unión soviética. /

Guardado en:
Autor Principal: Frugoni, Emilio.
Formato: Libro
Idioma:Undetermined
Publicado: Buenos Aires : Editorial Claridad, 1948.
Materias:
Etiquetas: Agregar Etiqueta
Sin Etiquetas, Sea el primero en etiquetar este registro!
LEADER 00537nam a22001575a 4500
001 EHU.bham048529
005 20111005115736.0
008 111005s1948####ag############000#0#und#d
100 1 |a Frugoni, Emilio. 
245 0 0 |a La esfinge roja :  |b Memorial de un aprendiz diplomático en la unión soviética. /  |c Emilio Frugoni. 
260 |a Buenos Aires :  |b Editorial Claridad,  |c 1948. 
300 |a 478 p. 
653 |a U.R.S.S 
653 |a Cultura y sociedad. 
653 |a Historia. 
859 |a AR-BHAM  |b BIB. HUMANIDADES - Donacion Lejarraga  |h MFN002748  |p 002748.19